000 00369nam a2200145Ia 4500
005 20250522024118.0
008 240331s9999 xx 000 0 und d
082 _a302.23
_bPON
100 _aPonvijayan,
245 0 _aOru matayin alumai
260 _bPuthiya Nambikai Veliyidu
_c1994
300 _a136 p .,
500 _aSathayajithrai Kooritha Or Thoguppu
942 _cL
999 _c1140
_d1140